[Event "St Petersburg Rudenko mem"]
[Site "St Petersburg"]
[Date "2006.08.26"]
[EventDate "?"]
[Round "4"]
[Result "1/2-1/2"]
[White "Varvara Kirillova"]
[Black "Natalia Pogonina"]
[WhiteElo "2229"]
[BlackElo "2501"]
[PlyCount "89"]

1.e4 c5 2.Nf3 d6 3.d3 g6 4.g3 Bg7 5.Bg2 e6 6.c3 Ne7 7.Be3 Nbc6
8.Qd2 O-O 9.Bh6 d5 10.Bxg7 Kxg7 11.e5 d4 12.O-O Rb8 13.Na3 b6
14.Nc4 Ba6 15.cxd4 Nxd4 16.Nd6 Nxf3+ 17.Bxf3 Nf5 18.Nxf5+ exf5
19.Rad1 Qd4 20.Rfe1 Rbd8 21.h4 Rfe8 22.h5 Rxe5 23.h6+ Kf8
24.Rxe5 Qxe5 25.Re1 Rxd3 26.Qe2 f6 27.Qxe5 fxe5 28.Be2 e4
29.Bxd3 Bxd3 30.f3 Kf7 31.fxe4 fxe4 32.Kf2 g5 33.Ke3 Kg6
34.Rh1 b5 35.g4 c4 36.a3 a5 37.Rh2 b4 38.axb4 axb4 39.Kd4 Kf6
40.Rf2+ Ke7 41.Rf5 c3 42.b3 c2 43.Rc5 Kd6 44.Rc8 Kd7 45.Rc5
1/2-1/2

[Event "Saratov Aratovsky mem 6th"]
[Site "Saratov"]
[Date "2006.11.27"]
[EventDate "?"]
[Round "1"]
[Result "1-0"]
[White "Natalia Pogonina"]
[Black "Vasiliy Korchmar"]
[WhiteElo "2501"]
[BlackElo "2163"]
[PlyCount "61"]

1.e4 d5 2.exd5 Qxd5 3.Nc3 Qa5 4.d4 Bf5 5.Nf3 c6 6.Bc4 e6 7.O-O
Nf6 8.Qe2 Bd6 9.h3 h6 10.Nh4 g5 11.Nxf5 Qxf5 12.Bd3 Qa5 13.Ne4
Nxe4 14.Bxe4 Nd7 15.c3 O-O-O 16.b4 Qc7 17.b5 c5 18.Bf3 e5
19.dxc5 Nxc5 20.Bg4+ Kb8 21.Be3 Rdf8 22.Bf5 Qe7 23.Rfd1 Ne6
24.Qc4 Bc5 25.Bxc5 Nxc5 26.Rd5 Qf6 27.Qxc5 Qxf5 28.b6 a6
29.Qc7+ Ka8 30.Ra5 Qd3 31.c4 1-0

[Event "Saratov Aratovsky mem 6th"]
[Site "Saratov"]
[Date "2006.11.27"]
[EventDate "?"]
[Round "7"]
[Result "1/2-1/2"]
[White "Natalia Pogonina"]
[Black "Igor V Glek"]
[WhiteElo "2501"]
[BlackElo "2546"]
[PlyCount "67"]

1.e4 e5 2.Nf3 d6 3.d4 exd4 4.Nxd4 g6 5.Nc3 Bg7 6.Be3 Nf6 7.Qd2
O-O 8.O-O-O Re8 9.Bg5 Nc6 10.Nxc6 bxc6 11.f3 Rb8 12.Bc4 Be6
13.Bxe6 Rxe6 14.b3 Qc8 15.h4 Qa6 16.Kb1 Nd7 17.Be3 Nb6 18.Bd4
Nc4 19.Qd3 Bxd4 20.Qxd4 c5 21.Qd3 Na3+ 22.Kb2 c4 23.Qe2 Qa5
24.h5 c6 25.hxg6 fxg6 26.f4 d5 27.Qg4 Re7 28.Rxh7 Kxh7 29.Qh4+
Kg8 30.Qxe7 cxb3 31.Qe6+ Kg7 32.Qe7+ Kg8 33.Qe6+ Kg7 34.Qe7+
1/2-1/2

[Event "Saratov Aratovsky mem 6th"]
[Site "Saratov"]
[Date "2006.11.27"]
[EventDate "?"]
[Round "2"]
[Result "1-0"]
[White "Dmitry Kryakvin"]
[Black "Natalia Pogonina"]
[WhiteElo "2571"]
[BlackElo "2501"]
[PlyCount "83"]

1.e4 c5 2.Nf3 d6 3.d4 cxd4 4.Nxd4 Nf6 5.Nc3 g6 6.Be3 Bg7 7.f3
O-O 8.Qd2 Nc6 9.O-O-O d5 10.exd5 Nxd5 11.Nxc6 bxc6 12.Bd4 Bxd4
13.Qxd4 Qc7 14.Bc4 Nb6 15.Be2 Be6 16.Qc5 Rfb8 17.h4 Na4
18.Nxa4 Qf4+ 19.Kb1 Qxa4 20.b3 Qf4 21.Qxe7 Re8 22.Qb7 Rab8
23.Qa6 c5 24.Bb5 Re7 25.Qa5 Reb7 26.Rd8+ Rxd8 27.Qxd8+ Kg7
28.Bc6 Rb6 29.Be4 Rd6 30.Qa5 Qd2 31.Qxc5 Qxg2 32.Rc1 Rd7
33.Qe5+ Kg8 34.h5 Qh3 35.hxg6 hxg6 36.Rg1 Rd2 37.Bxg6 Rg2
38.Rd1 fxg6 39.Rd8+ Kf7 40.Qc7+ Kf6 41.Rf8+ Kg5 42.Qf4+ 1-0

[Event "Saratov Aratovsky mem 6th"]
[Site "Saratov"]
[Date "2006.11.27"]
[EventDate "?"]
[Round "6"]
[Result "1/2-1/2"]
[White "Anton Shomoev"]
[Black "Natalia Pogonina"]
[WhiteElo "2566"]
[BlackElo "2501"]
[PlyCount "158"]

1.Nf3 c5 2.c4 Nc6 3.d4 cxd4 4.Nxd4 Nf6 5.Nc3 d6 6.Nc2 g6 7.e4
Bg7 8.Be2 O-O 9.O-O Bd7 10.Bd2 Qb6 11.b3 Rfc8 12.Rc1 Rab8
13.Ne3 a6 14.Ncd5 Nxd5 15.Nxd5 Qd8 16.Bg5 Be6 17.Qd2 Bxd5
18.cxd5 Ne5 19.a4 Bf6 20.Be3 Rxc1 21.Rxc1 Rc8 22.b4 Rxc1+
23.Qxc1 a5 24.bxa5 Qxa5 25.Bb5 Qd8 26.h3 h5 27.Bf1 Nd7 28.Bb5
Nc5 29.Qc2 Qa5 30.Bd2 Qc7 31.Qc4 b6 32.g3 Kh7 33.Kg2 Bg7
34.Be8 Kg8 35.Bc6 Qa7 36.f3 Bf6 37.Bb5 Bg7 38.Be1 Qa8 39.Qe2
Bd4 40.f4 Kg7 41.Qd2 e5 42.Qe2 Qa7 43.f5 Qe7 44.h4 Qc7 45.Bc6
Qa7 46.Bb4 Qe7 47.Bd2 Qa7 48.Qf3 Nxa4 49.fxg6 fxg6 50.Bg5 Nc5
51.Be8 Kh7 52.Kh3 Qg7 53.Bf6 Qg8 54.Bb5 Qf8 55.Be2 Nxe4
56.Qxe4 Qxf6 57.Bd3 Kg7 58.Kg2 Qf2+ 59.Kh3 Qf5+ 60.Qxf5 gxf5
61.Bxf5 b5 62.Kg2 b4 63.Bc2 Bc3 64.g4 hxg4 65.Kg3 Kf6 66.Kxg4
Be1 67.Bd1 Bd2 68.Bc2 e4 69.Bxe4 Ke5 70.Kf3 Bh6 71.h5 Kd4
72.Bg6 Kxd5 73.Ke2 Kd4 74.Bf7 Kc3 75.Kd1 b3 76.Be6 b2 77.Bf5
d5 78.Ke2 d4 79.Bb1 Bg5 1/2-1/2

[Event "Saratov Aratovsky mem 6th"]
[Site "Saratov"]
[Date "2006.11.27"]
[EventDate "?"]
[Round "8"]
[Result "1-0"]
[White "Vladimir P Malaniuk"]
[Black "Natalia Pogonina"]
[WhiteElo "2586"]
[BlackElo "2501"]
[PlyCount "83"]

1.d4 Nf6 2.Nf3 c5 3.d5 b5 4.Bg5 Qb6 5.Bxf6 Qxf6 6.Nc3 b4 7.Na4
d6 8.a3 Nd7 9.e4 bxa3 10.Rxa3 g5 11.Bb5 Rb8 12.Rb3 Rxb5
13.Rxb5 Bg7 14.Rb3 O-O 15.h3 h5 16.Nc3 Qg6 17.Qe2 Ne5 18.Nxe5
Bxe5 19.Nd1 h4 20.O-O Kg7 21.Kh1 Rh8 22.Qc4 Qf6 23.Rf3 Qg6
24.Ne3 e6 25.Ng4 exd5 26.Nxe5 dxc4 27.Nxg6 Kxg6 28.Rd1 Be6
29.Rxd6 Rb8 30.b3 Rb4 31.Re3 cxb3 32.cxb3 Rb6 33.Red3 Kf6
34.Rxb6 axb6 35.Rd6 b5 36.Rb6 c4 37.bxc4 bxc4 38.Rb5 Ke7
39.Rxg5 Kd6 40.Ra5 c3 41.e5+ Kc6 42.Ra3 1-0

[Event "Vladimir Bykova mem"]
[Site "Vladimir"]
[Date "2006.12.14"]
[EventDate "?"]
[Round "1"]
[Result "1-0"]
[White "Natalia Pogonina"]
[Black "Anna Burtasova"]
[WhiteElo "2501"]
[BlackElo "2331"]
[PlyCount "61"]

1.e4 c5 2.Nf3 Nf6 3.e5 Nd5 4.Nc3 e6 5.Nxd5 exd5 6.d4 Nc6
7.dxc5 Bxc5 8.Bd3 d6 9.exd6 Bg4 10.h3 Bh5 11.O-O O-O 12.g4 Bg6
13.Bxg6 hxg6 14.Qxd5 Qb6 15.Bf4 Rad8 16.c3 Ne7 17.Qb3 Qxb3
18.axb3 Nd5 19.Be5 f6 20.Bd4 Bxd6 21.Rxa7 Rd7 22.Re1 Kf7 23.h4
g5 24.hxg5 Rh8 25.Re4 Kg6 26.Ra5 Nf4 27.gxf6 Nh3+ 28.Kf1 gxf6
29.Rf5 Rf8 30.Re6 Be7 31.Ne5+ 1-0

[Event "Vladimir Bykova mem"]
[Site "Vladimir"]
[Date "2006.12.14"]
[EventDate "?"]
[Round "5"]
[Result "1-0"]
[White "Natalia Pogonina"]
[Black "Irina Zakurdjaeva"]
[WhiteElo "2501"]
[BlackElo "2323"]
[PlyCount "95"]

1.e4 c5 2.Nf3 Nc6 3.d4 cxd4 4.Nxd4 Nf6 5.Nc3 e5 6.Ndb5 d6 7.a4
a6 8.Na3 Be6 9.Bc4 Be7 10.Bg5 O-O 11.Bxf6 Bxf6 12.O-O Bg5
13.Nd5 Rc8 14.c3 Kh8 15.Qe2 Ne7 16.Rad1 f5 17.Nb6 Qxb6 18.Bxe6
Rcd8 19.exf5 d5 20.Qxe5 Qxb2 21.Nb1 b5 22.axb5 a5 23.Qg3 Bf6
24.Qd3 g6 25.fxg6 hxg6 26.Qe3 Kg7 27.Qc5 a4 28.Rd2 Qb3 29.Rd3
Rc8 30.Bxc8 Rxc8 31.Qd6 Qxb5 32.Rfd1 Rc6 33.Qd7 d4 34.g3 Qf5
35.Qxf5 Nxf5 36.cxd4 Nxd4 37.Rxd4 Bxd4 38.Rxd4 Rc1+ 39.Kg2
Rxb1 40.Rxa4 Rb3 41.h4 Rc3 42.g4 Rc5 43.Kg3 Rb5 44.f3 Rc5
45.Ra7+ Kg8 46.Kf4 Rb5 47.Re7 Ra5 48.Re5 1-0

[Event "Vladimir Bykova mem"]
[Site "Vladimir"]
[Date "2006.12.14"]
[EventDate "?"]
[Round "7"]
[Result "1-0"]
[White "Natalia Pogonina"]
[Black "Olga Zimina"]
[WhiteElo "2501"]
[BlackElo "2319"]
[PlyCount "129"]

1.e4 e5 2.Nf3 Nc6 3.Bb5 a6 4.Ba4 Nf6 5.O-O b5 6.Bb3 Bc5 7.a4
Bb7 8.d3 b4 9.Nbd2 O-O 10.Nc4 Re8 11.Bg5 h6 12.Bh4 d5 13.exd5
Nd4 14.Nxd4 Bxd4 15.Na5 Rb8 16.Nxb7 Rxb7 17.Bxf6 Qxf6 18.Rb1
Rbb8 19.Qe2 Qg6 20.Kh1 Kh8 21.Qd2 f5 22.c3 Bc5 23.Bc4 Qf6
24.cxb4 Bxb4 25.Qe3 e4 26.dxe4 Rxe4 27.Qa7 Rbe8 28.Qxc7 Bd6
29.Qc6 Qe5 30.g3 f4 31.Bd3 fxg3 32.fxg3 Re3 33.Bg6 Rb8 34.Rbc1
Rg8 35.Rc2 a5 36.Rcf2 Bb4 37.Qd7 Re1 38.Bd3 Rxf1+ 39.Rxf1 Re8
40.b3 Bd6 41.Qf7 Bc5 42.Qf5 Qxf5 43.Rxf5 Re3 44.Bc4 Bd6 45.Rf7
Rc3 46.Rd7 Bb4 47.d6 Rc1+ 48.Kg2 Rd1 49.Rd8+ Kh7 50.d7 Be7
51.Ra8 Rxd7 52.Rxa5 Rd2+ 53.Kf3 Rxh2 54.Rd5 Bb4 55.a5 Kg6
56.a6 Ra2 57.Rb5 Be1 58.Rb7 Rf2+ 59.Ke4 Ra2 60.g4 Kf6 61.a7
Kg5 62.Bd5 Bf2 63.Rxg7+ Kf6 64.Rf7+ Kg6 65.Rxf2 1-0

[Event "Vladimir Bykova mem"]
[Site "Vladimir"]
[Date "2006.12.14"]
[EventDate "?"]
[Round "2"]
[Result "1-0"]
[White "Irina Vasilevich"]
[Black "Natalia Pogonina"]
[WhiteElo "2329"]
[BlackElo "2501"]
[PlyCount "75"]

1.e4 c5 2.d3 g6 3.g3 Bg7 4.Bg2 e6 5.f4 Ne7 6.Nf3 O-O 7.O-O
Nbc6 8.c3 b6 9.Be3 Ba6 10.Bf2 Rb8 11.Re1 d6 12.d4 cxd4 13.cxd4
d5 14.e5 Qd7 15.Qa4 Bd3 16.Nc3 a5 17.Qd1 Ba6 18.g4 f6 19.exf6
Rxf6 20.Bg3 Rbf8 21.Rc1 h6 22.Qb3 Qd8 23.Na4 g5 24.Qxb6 Qxb6
25.Nxb6 gxf4 26.Bh4 Rg6 27.Nd7 Re8 28.Bxe7 Nxe7 29.Nfe5 Bxe5
30.Nxe5 Rg7 31.Rc5 h5 32.h3 hxg4 33.hxg4 Ng6 34.Nxg6 Rxg6
35.Bxd5 Rxg4+ 36.Kf2 Kf7 37.Bf3 Rh4 38.Bh5+ 1-0

[Event "Vladimir Bykova mem"]
[Site "Vladimir"]
[Date "2006.12.14"]
[EventDate "?"]
[Round "9"]
[Result "1/2-1/2"]
[White "Karolina Smokina"]
[Black "Natalia Pogonina"]
[WhiteElo "2211"]
[BlackElo "2501"]
[PlyCount "125"]

1.c4 c5 2.Nc3 Nc6 3.g3 g6 4.Bg2 Bg7 5.Rb1 e5 6.d3 Nge7 7.a3 a5
8.b3 O-O 9.Nd5 d6 10.Bb2 Be6 11.e3 Rb8 12.Ne2 b5 13.O-O Qd7
14.Qd2 Bg4 15.f3 Be6 16.f4 Bg4 17.fxe5 Nxd5 18.cxd5 Nxe5 19.d4
Bxe2 20.Qxe2 cxd4 21.exd4 Ng4 22.h3 Nf6 23.Rbc1 Rfe8 24.Qd3
Qe7 25.Bc3 b4 26.axb4 axb4 27.Bd2 Qe2 28.Qxe2 Rxe2 29.Bf4 Ne4
30.Bxe4 Bxd4+ 31.Kh1 Rxe4 32.Bxd6 Rd8 33.Bxb4 Bb2 34.Rc4 Re3
35.Kg2 f5 36.g4 Rxd5 37.gxf5 Rxf5 38.Rxf5 gxf5 39.Rf4 Rxb3
40.Be1 Re3 41.Bf2 Re5 42.Rb4 Bc3 43.Rb7 Rd5 44.Rc7 Bb4 45.Rb7
Bf8 46.h4 Bh6 47.Kf3 Rd3+ 48.Ke2 Rd5 49.Kf3 Bf8 50.Kg2 h6
51.Kf3 Bg7 52.Be1 Bf6 53.Bf2 Be5 54.Be3 h5 55.Bg5 Ra5 56.Rd7
Ra3+ 57.Kf2 Bg3+ 58.Kg2 f4 59.Bf6 Rb3 60.Rg7+ Kf8 61.Rh7 Be1
62.Kf1 Bg3 63.Kg2 1/2-1/2

[Event "North Urals Cup"]
[Site "Krasnoturinsk RUS"]
[Date "2007.07.30"]
[EventDate "2007.07.22"]
[Round "8"]
[Result "1-0"]
[White "Natalia Pogonina"]
[Black "Yifan Hou"]
[WhiteElo "2429"]
[BlackElo "2523"]
[PlyCount "151"]

1. e4 e6 2. d4 d5 3. Nd2 c5 4. exd5 Qxd5 5. Ngf3 cxd4 6. Bc4
Qd6 7. O-O Nf6 8. Nb3 Nc6 9. Nbxd4 Nxd4 10. Nxd4 a6 11. c3 Qc7
12. Bb3 Bd6 13. h3 Bf4 14. Qf3 Bxc1 15. Raxc1 O-O 16. Rcd1 Bd7
17. Rd2 Rad8 18. Rfd1 h6 19. Qe3 Rfe8 20. Nf3 Bc6 21. Qe5 Qc8
22. Rxd8 Rxd8 23. Rxd8+ Qxd8 24. Nd4 Bd5 25. c4 Be4 26. Kh2 b6
27. a3 Bb7 28. Bd1 Ne8 29. b4 Qc7 30. Qxc7 Nxc7 31. f4 Kf8
32. Kg3 Ke7 33. Bf3 Bxf3 34. Kxf3 Kd6 35. Ke4 f5+ 36. Kd3 Ne8
37. Nf3 Nf6 38. Kd4 Ne4 39. h4 a5 40. Ne5 axb4 41. axb4 Ke7
42. c5 bxc5+ 43. bxc5 Nf6 44. Kc4 Nd5 45. g3 Kd8 46. Nc6+ Kd7
47. Nd4 g6 48. Kb5 Nc3+ 49. Ka5 Nd5 50. Ka6 Kc7 51. Nxe6+ Kc6
52. Ka5 Nf6 53. Kb4 Ne4 54. Kc4 Nxg3 55. Nd4+ Kc7 56. Kd5 Ne4
57. Ne6+ Kb7 58. c6+ Kb6 59. c7 Kb7 60. Kd4 Kc8 61. Kd5 Kd7
62. Ke5 Kc8 63. Kd4 Kd7 64. Kd5 Nd6 65. Ke5 Ne4 66. Nf8+ Kxc7
67. Nxg6 Ng3 68. Ne7 h5 69. Nxf5 Ne2 70. Ng7 Ng1 71. Ke4 Kd7
72. Nxh5 Ke7 73. Ng3 Kf6 74. Ke3 Nh3 75. Kf3 Kg6 76. Ne2 1-0

[Event "European Club Cup (Women)"]
[Site "Antalya TUR"]
[Date "2007.10.04"]
[EventDate "2007.10.03"]
[Round "2"]
[Result "1-0"]
[White "Natalia Pogonina"]
[Black "Sandugach Shaydullina"]
[WhiteElo "2429"]
[BlackElo "2288"]
[PlyCount "57"]

1. e4 c5 2. Nf3 Nc6 3. d4 cxd4 4. Nxd4 Nf6 5. Nc3 d6 6. Bg5 e6
7. Qd2 a6 8. Be2 Qb6 9. Nb3 Qc7 10. a4 b6 11. O-O Be7 12. Rad1
Bb7 13. f4 h6 14. Bxf6 gxf6 15. f5 h5 16. fxe6 fxe6 17. Bc4
Nd8 18. Qe2 h4 19. h3 Rh6 20. Rf2 Qc5 21. Nd4 Qh5 22. Bb3 Ra7
23. Qf1 Qe2 24. Ncxe2 Bf8 25. c3 f5 26. Rxf5 Bg7 27. Rf6 Bf8
28. Nf5 b5 29. Nxd6+ 1-0

[Event "RUS-ch U26"]
[Site "Novokuznetsk"]
[Date "2007.10.22"]
[EventDate "?"]
[Round "5"]
[Result "1-0"]
[White "Natalia Pogonina"]
[Black "Olga Iljushina"]
[WhiteElo "2501"]
[BlackElo "2364"]
[PlyCount "65"]

1.e4 c5 2.Nf3 Nc6 3.d4 cxd4 4.Nxd4 Nf6 5.Nc3 d6 6.Bg5 Qb6
7.Nb3 e6 8.Be2 Be7 9.O-O O-O 10.Qd2 Rd8 11.Rad1 a6 12.a4 Qb4
13.Qe3 Bd7 14.Ra1 Ne5 15.Rfd1 Nfg4 16.Qd2 Bxg5 17.Qxg5 h6
18.Qf4 Nf6 19.a5 b5 20.f3 Rdc8 21.Na2 Qa4 22.Nac1 Rxc2 23.Rxa4
bxa4 24.Nd4 Rxb2 25.Qe3 Rb1 26.Qa3 d5 27.exd5 Nxd5 28.Na2 Nc4
29.Qd3 Rxd1+ 30.Qxd1 Nxa5 31.Qe1 Nb3 32.Qd1 Nf4 33.Bf1 1-0

[Event "RUS-ch U26"]
[Site "Novokuznetsk"]
[Date "2007.10.22"]
[EventDate "?"]
[Round "9"]
[Result "1-0"]
[White "Natalia Pogonina"]
[Black "Andrei Kuznesov"]
[WhiteElo "2501"]
[BlackElo "2281"]
[PlyCount "72"]

1.e4 e5 2.Nf3 Nc6 3.Bb5 Nf6 4.d3 Bc5 5.O-O d6 6.Be3 Bb6 7.Nbd2
O-O 8.a4 Ng4 9.Bg5 f6 10.Bh4 a6 11.Bc4+ Kh8 12.c3 Ne7 13.a5
Ba7 14.h3 Nh6 15.Qb3 g5 16.Bg3 Qd7 17.d4 g4 18.hxg4 Nxg4
19.Rad1 Ng6 20.Nh4 Nxh4 21.Bxh4 exd4 22.cxd4 Bxd4 23.Nf3 Bc5
24.Nd4 Qg7 25.Nf5 Bxf5 26.exf5 Ne5 27.Be6 c6 28.Rc1 Ba7 29.Rc3
d5 30.Rg3 Qe7 31.Re1 Bb8 32.Qc3 Qd8 33.f4 d4 34.Qb4 c5 35.Qb3
Ra7 36.Qb6 Bd6 1-0

[Event "RUS-ch U26"]
[Site "Novokuznetsk"]
[Date "2007.10.22"]
[EventDate "?"]
[Round "8"]
[Result "1-0"]
[White "Igor Lysyj"]
[Black "Natalia Pogonina"]
[WhiteElo "2612"]
[BlackElo "2501"]
[PlyCount "85"]

1.d4 Nf6 2.c4 c5 3.e3 g6 4.Nc3 cxd4 5.exd4 Bg7 6.d5 O-O 7.Nf3
d6 8.Be2 Bg4 9.O-O Nbd7 10.Be3 Rc8 11.Qb3 Nc5 12.Qa3 a5 13.h3
Bxf3 14.Bxf3 Qb6 15.Nb5 Ne8 16.Rab1 Nc7 17.Nxc7 Qxc7 18.Bd2 b6
19.Rfe1 Rfe8 20.Bd1 Rb8 21.Qf3 b5 22.cxb5 Rxb5 23.b3 Nd7
24.Be2 Rc5 25.Rbc1 Rb8 26.Bf1 Be5 27.Be3 Rxc1 28.Rxc1 Nc5
29.Bd2 Qb6 30.Rc4 Bf6 31.Qe2 Ra8 32.Be3 Qb7 33.Qd2 h5 34.Be2
Kg7 35.Bh6+ Kg8 36.Be3 Kg7 37.g3 Qd7 38.Kg2 Kg8 39.Bf3 Ra6
40.Qe2 Rb6 41.Bd2 Nb7 42.Rc6 Bd4 43.Bc3 1-0

[Event "Solin 15th"]
[Site "Solin"]
[Date "2007.12.07"]
[EventDate "?"]
[Round "2"]
[Result "1-0"]
[White "Natalia Pogonina"]
[Black "Michele Godena"]
[WhiteElo "2501"]
[BlackElo "2530"]
[PlyCount "75"]

1.e4 e5 2.Nf3 Nc6 3.Bb5 a6 4.Ba4 Bc5 5.O-O b5 6.Bb3 Nf6 7.d3
Bb7 8.a4 b4 9.a5 d6 10.Be3 Ba7 11.Nbd2 O-O 12.Nc4 Nd4 13.Nxd4
Bxd4 14.Bxd4 exd4 15.Nd2 Bc8 16.Qf3 Rb8 17.Bc4 c6 18.Rfe1 d5
19.Qf4 Be6 20.exd5 cxd5 21.Bb3 Rb5 22.Qxd4 Qc7 23.Nf3 Rfb8
24.Qe5 Qxe5 25.Nxe5 Rc5 26.Nf3 Rbb5 27.Nd4 Rxa5 28.Ba4 Rc7
29.Nb3 Rac5 30.Nxc5 Rxc5 31.Bb3 Rc6 32.Ra4 Rb6 33.Rea1 Bc8
34.Ra5 Bb7 35.Rc5 Kf8 36.Ba4 h5 37.Re1 h4 38.Rc7 1-0

[Event "Solin 15th"]
[Site "Solin"]
[Date "2007.12.07"]
[EventDate "?"]
[Round "6"]
[Result "1/2-1/2"]
[White "Natalia Pogonina"]
[Black "Ante Brkic"]
[WhiteElo "2501"]
[BlackElo "2544"]
[PlyCount "177"]

1.e4 e5 2.Nf3 Nc6 3.Bb5 a6 4.Ba4 Nf6 5.d3 b5 6.Bb3 Be7 7.O-O
O-O 8.Re1 d6 9.c3 Na5 10.Bc2 c5 11.Nbd2 Nc6 12.Nf1 h6 13.h3
Re8 14.Ng3 Bf8 15.a3 g6 16.Be3 d5 17.Bd2 dxe4 18.dxe4 Be6
19.b3 Qc7 20.Qe2 Na5 21.Rab1 c4 22.b4 Nb3 23.Rbd1 a5 24.Bb1
axb4 25.axb4 Nxd2 26.Qxd2 Red8 27.Qc1 Bg7 28.Nh2 Rxd1 29.Rxd1
Rd8 30.Nf3 Rxd1+ 31.Qxd1 Qd7 32.Qxd7 Nxd7 33.Bc2 Nb6 34.Nd2 h5
35.Nb1 Bh6 36.Kf1 Kf8 37.Ke2 Ke7 38.Nf1 Bd7 39.Ne3 Kd6 40.Nf1
Bc6 41.Ne3 Nd7 42.Nd2 Nf8 43.h4 Nd7 44.g3 Ke6 45.Nb1 Nf6
46.Nd2 Ne8 47.Nf3 Nd6 48.Nd2 f5 49.f3 f4 50.gxf4 exf4 51.Nd5
g5 52.hxg5 Bxg5 53.Nc7+ Ke5 54.Nb1 h4 55.Kf1 h3 56.Kg1 Bh4
57.Kh2 Bd7 58.Bd1 Bg3+ 59.Kh1 h2 60.Be2 Bc6 61.Nd2 Be1 62.Nb1
Bg3 63.Nd2 Bb7 64.Kg2 Bc8 65.Kh1 Bd7 66.Nd5 Be6 67.Nc7 Bf7
68.Kg2 Bh5 69.Kh1 Bg6 70.Kg2 Be1 71.Nb1 Bg3 72.Nd2 Bf7 73.Kh1
Kf6 74.Kg2 Be1 75.Nb1 Bg3 76.Nd2 Bg8 77.Kh1 Bh7 78.Kg2 Kg5
79.Ne6+ Kh4 80.Nd4 Bg6 81.Bd1 Be1 82.Nb1 Nxe4 83.fxe4 Bxe4+
84.Kxh2 Bg3+ 85.Kg1 Bxb1 86.Nf3+ Kh3 87.Ng5+ Kh4 88.Nf3+ Kh3
89.Ng5+ 1/2-1/2

[Event "Solin 15th"]
[Site "Solin"]
[Date "2007.12.07"]
[EventDate "?"]
[Round "8"]
[Result "1/2-1/2"]
[White "Natalia Pogonina"]
[Black "Emir Dizdarevic"]
[WhiteElo "2501"]
[BlackElo "2481"]
[PlyCount "64"]

1.e4 c6 2.d4 d5 3.Nc3 dxe4 4.Nxe4 Nd7 5.Bd3 Ngf6 6.Ng5 g6
7.N1f3 Bg7 8.Qe2 O-O 9.O-O h6 10.Ne4 Nxe4 11.Qxe4 Nf6 12.Qf4
Nd5 13.Qh4 e6 14.Qe4 Nf6 15.Qe2 Qc7 16.Bd2 b6 17.c4 Bb7 18.Bc3
Rad8 19.Rad1 c5 20.dxc5 Qxc5 21.Ne5 Qc7 22.Bc2 Rxd1 23.Rxd1
Rd8 24.Rxd8+ Qxd8 25.Qe3 Qd6 26.f3 Nd7 27.Nxd7 Qxd7 28.Bxg7
Kxg7 29.b4 Ba6 30.Qc3+ Kf8 31.a3 Qd6 32.Be4 Ke7 1/2-1/2

[Event "Solin 15th"]
[Site "Solin"]
[Date "2007.12.07"]
[EventDate "?"]
[Round "1"]
[Result "1-0"]
[White "Ante Saric"]
[Black "Natalia Pogonina"]
[WhiteElo "2487"]
[BlackElo "2501"]
[PlyCount "75"]

1.d4 Nf6 2.c4 c5 3.d5 b5 4.cxb5 a6 5.bxa6 g6 6.Nc3 Bxa6 7.Nf3
Bg7 8.g3 d6 9.Bg2 O-O 10.O-O Nbd7 11.Rb1 Ne8 12.Qc2 Nc7 13.Rd1
Nb5 14.Nxb5 Bxb5 15.b3 Qb6 16.a4 Ba6 17.Bb2 Bxb2 18.Rxb2 Qb4
19.e4 Rfb8 20.Rbb1 Ra7 21.Bf1 Bxf1 22.Kxf1 Rab7 23.Kg2 Qa5
24.Rd3 Rb4 25.Re1 c4 26.bxc4 Rxa4 27.Rb3 Rc8 28.Rc3 Nb6 29.Nd2
Ra2 30.Qc1 Qc5 31.Ree3 Rca8 32.Nb3 Qb4 33.Nd4 Qc5 34.Nc6 e5
35.Rf3 Re8 36.Qh6 Nc8 37.Rxf7 Kxf7 38.Qxh7+ 1-0

[Event "Solin 15th"]
[Site "Solin"]
[Date "2007.12.07"]
[EventDate "?"]
[Round "9"]
[Result "1/2-1/2"]
[White "Oleg Romanishin"]
[Black "Natalia Pogonina"]
[WhiteElo "2515"]
[BlackElo "2501"]
[PlyCount "26"]

1.Nf3 c5 2.g3 Nc6 3.Bg2 e5 4.c4 g6 5.Nc3 Bg7 6.a3 a5 7.d3 d6
8.Bg5 f6 9.Bd2 Nge7 10.h4 Bg4 11.Nh2 Be6 12.h5 O-O 13.Nf1 d5
1/2-1/2

[Event "Moscow op-C 04th (Women)"]
[Site "Moscow"]
[Date "2008.02.02"]
[EventDate "?"]
[Round "3"]
[Result "1/2-1/2"]
[White "Valentina Golubenko"]
[Black "Natalia Pogonina"]
[WhiteElo "2298"]
[BlackElo "2501"]
[PlyCount "78"]

1.d4 Nf6 2.c4 c5 3.d5 b5 4.cxb5 a6 5.Nc3 axb5 6.e4 b4 7.Nb5 d6
8.Bf4 Nxe4 9.Bd3 Nf6 10.Qe2 e6 11.dxe6 fxe6 12.Bc4 Be7 13.Bxe6
Bxe6 14.Qxe6 Ra6 15.Nf3 Qd7 16.Qxd7+ Kxd7 17.O-O-O Rf8 18.Rhe1
Ne8 19.Bg3 Rxa2 20.Ne5+ Kd8 21.Nc4 Ra1+ 22.Kc2 Ra6 23.Nbxd6
Nxd6 24.Nxd6 Bxd6 25.Bxd6 Rxf2+ 26.Kb3 c4+ 27.Kxc4 Nd7 28.Kb3
Rxg2 29.Bg3 Rf6 30.Rd3 Rf7 31.Re4 Re7 32.Rxb4 Ke8 33.Rd5 Rge2
34.Rbb5 Nf6 35.Re5 Ne4 36.Bf4 g5 37.Rxe7+ Kxe7 38.Bxg5+ Nxg5
39.Rxg5 Rxh2 1/2-1/2

[Event "Russia - China Match"]
[Site "Ningbo CHN"]
[Date "2008.09.21"]
[EventDate "2008.09.18"]
[Round "4"]
[Result "1/2-1/2"]
[White "Natalia Pogonina"]
[Black "Zhao Xue"]
[WhiteElo "2469"]
[BlackElo "2522"]
[PlyCount "166"]

1. e4 Nf6 2. e5 Nd5 3. d4 d6 4. Nf3 dxe5 5. Nxe5 c6 6. Bc4 Nd7
7. Nf3 N7b6 8. Be2 Bg4 9. O-O e6 10. Ne5 Bxe2 11. Qxe2 Nf6
12. Rd1 Be7 13. c4 O-O 14. Nc3 Nbd7 15. Bf4 Re8 16. Rd3 Qa5
17. Rad1 Rad8 18. a3 c5 19. Nb5 a6 20. Nc6 bxc6 21. Bc7 Nb6
22. Na7 cxd4 23. b4 Qa4 24. Bxb6 Rd7 25. Bxd4 Ra8 26. Qf3 e5
27. Qxc6 Qxc6 28. Nxc6 exd4 29. Nxe7+ Rxe7 30. Rxd4 Kf8
31. Kf1 Re4 32. Rxe4 Nxe4 33. Rd4 Nf6 34. Rd6 Ke7 35. Rb6 Nd7
36. Rc6 a5 37. b5 Ne5 38. Rc5 Kd6 39. Rd5+ Ke6 40. Rc5 g5
41. Ke2 Rd8 42. Rc7 Kd6 43. b6 Nd7 44. c5+ Nxc5 45. Rxf7 Rd7
46. Rf6+ Ne6 47. Ke3 Rb7 48. Rf5 a4 49. Rb5 h6 50. g3 Kc6
51. Re5 Nc5 52. Kd4 Nb3+ 53. Kc4 Rxb6 54. Re6+ Kb7 55. Rxb6+
Kxb6 56. f4 gxf4 57. gxf4 Kc6 58. Kb4 Nd4 59. Kxa4 Kc5 60. Ka5
h5 61. Ka6 Kc6 62. a4 h4 63. h3 Nf5 64. Ka7 Kd6 65. Ka6 Kc6
66. Ka7 Ne7 67. a5 Kc7 68. Ka6 Kc6 69. Ka7 Nd5 70. f5 Kd6
71. Kb7 Nb4 72. a6 Nxa6 73. Kxa6 Ke5 74. Kb5 Kxf5 75. Kc4 Ke4
76. Kc3 Ke3 77. Kc2 Ke2 78. Kc3 Kf3 79. Kd3 Kg3 80. Ke3 Kxh3
81. Kf3 Kh2 82. Kf2 h3 83. Kf1 Kh1 1/2-1/2

[Event "Mindsports"]
[Site "Beijing CHN"]
[Date "2008.10.04"]
[EventDate "2008.10.04"]
[Round "2"]
[Result "1/2-1/2"]
[White "Natalia Pogonina"]
[Black "Baira Kovanova"]
[WhiteElo "2474"]
[BlackElo "2379"]
[PlyCount "53"]

1. e4 e5 2. Nf3 Nc6 3. Bb5 a6 4. Ba4 Nf6 5. O-O Be7 6. d3 b5
7. Bb3 O-O 8. a4 b4 9. a5 d6 10. Be3 h6 11. h3 Rb8 12. Nbd2
Be6 13. Bc4 Bxc4 14. Nxc4 Re8 15. Re1 Bf8 16. Bd2 d5 17. exd5
Qxd5 18. b3 Bc5 19. Be3 Rbd8 20. Qc1 e4 21. dxe4 Nxe4 22. Bxc5
Qxc5 23. Qe3 Qxe3 24. Rxe3 Nc3 25. Rae1 Rxe3 26. Rxe3 Rd1+
27. Re1 1/2-1/2

[Event "Mindsports"]
[Site "Beijing CHN"]
[Date "2008.10.04"]
[EventDate "2008.10.04"]
[Round "3"]
[Result "0-1"]
[White "Nisha Mohota"]
[Black "Natalia Pogonina"]
[WhiteElo "2311"]
[BlackElo "2474"]
[PlyCount "64"]

1. d4 Nf6 2. c4 c5 3. d5 b5 4. cxb5 a6 5. bxa6 g6 6. Nc3 Bxa6
7. f4 Bg7 8. Nf3 O-O 9. e4 Bxf1 10. Rxf1 d6 11. e5 Ne8 12. Be3
Nc7 13. Kf2 Nd7 14. e6 fxe6 15. dxe6 Nf6 16. h3 Nxe6 17. Kg1
d5 18. Bf2 d4 19. Ne2 Nd5 20. g3 g5 21. fxg5 Qd7 22. Qd2 Ne3
23. Kh2 Nf4 24. Nxf4 e5 25. Bxe3 dxe3 26. Qd3 Qd4 27. Rg1 Kh8
28. Qb3 e4 29. h4 Be5 30. Kh3 Qd7+ 31. Kh2 Qg4 32. Ng2 Qxg3+
0-1

[Event "Mindsports"]
[Site "Beijing CHN"]
[Date "2008.10.04"]
[EventDate "2008.10.04"]
[Round "5"]
[Result "1/2-1/2"]
[White "Tania Sachdev"]
[Black "Natalia Pogonina"]
[WhiteElo "2425"]
[BlackElo "2474"]
[PlyCount "87"]

1. d4 Nf6 2. c4 c5 3. d5 b5 4. cxb5 a6 5. b6 e6 6. Nc3 exd5
7. Nxd5 Nxd5 8. Qxd5 Nc6 9. Nf3 Rb8 10. e4 Be7 11. Bc4 O-O
12. Bd2 Rxb6 13. Bc3 d6 14. Qd2 Bf6 15. O-O Bg4 16. Be2 Bxf3
17. Bxf3 Nd4 18. Bg4 d5 19. b4 dxe4 20. bxc5 Rc6 21. Rad1 Ne6
22. Qe3 Qe7 23. Bxf6 Qxf6 24. Rd6 Rxd6 25. cxd6 Rd8 26. Rd1 g6
27. Qxe4 Nc5 28. Qe7 Kg7 29. h3 h5 30. Bf3 Rd7 31. Qe3 Ne6
32. Bc6 Rd8 33. d7 Nf4 34. Bf3 Ne6 35. Qb6 Ng5 36. Qxf6+ Kxf6
37. Bc6 Ne6 38. Ba4 Nc5 39. Bc6 Ke7 40. Rd5 Nxd7 41. Bb7 Rb8
42. Kh2 Nb6 43. Rc5 Nc8 44. Rxc8 1/2-1/2